000 00975nam a2200253 i 4500
001 186070
003 SpMaBN
005 20250804062801.0
008 160906s1984 sp |||| | spa d
020 _a84-206-1467-X
080 _a1 Nietzsche, Friedrich
100 1 _aNietzsche, Friedrich,
_d1844-1900
_985718
245 1 0 _aCrepúsculo de los ídolos o Cómo se filosofa con el martillo /
_cFriedrich Nietzsche ; introducción, traducción y notas de Andrés Sánchez Pascual.
246 3 0 _aCómo se filosofa con el martillo
250 _a7ª ed. en el "El libro de bolsillo".
260 _aMadrid :
_bAlianza Editorial,
_c1984.
300 _a173 p. ;
_c18 cm.
490 1 _aEl libro de bolsillo ;
_v467.
_aHumanidades
650 0 7 _aFilosofía
_2embne
_912802
700 1 _aSánchez Pascual, Andrés.
_9102833
830 0 3 _aEl libro de bolsillo.
_pHumanidades
_v467.
_9178672
852 _aES-MaACL
_jL-30634
_z. - Donat. Miguel A. Velasco
999 _c186070
_d186070